00527nam a2200157Ia 4500008004100000020001800041082001600059100003000075245008900105250000600194260002900200300001000229500004000239650004700279700004300326120629s9999 xx 000 0 und d a968-18-5307-5 a152.1 S333p aSchiffman, Harvey Richard aLa percepción sensorial / Harvey Richard Schiffman; Ardisson Pérez de Claudio M. a2 aMéxico : Limusa, Wiley a620 p aGlosario, bibliografía e índice a1. PERCEPCION \ 2. SENTIDOS Y SENSACIONES aArdisson Pérez de Claudio M.; tr.Ì